| 000 -ლიდერი |
| ფიქსირებული სიგრძის საკონტროლო ველი |
01252nam a2200253Ia 4500 |
| 001 - საკონტროლო ნომერი |
| საკონტროლო ველი |
700 |
| 003 - საკონტროლო ნომრის იდენტიფიკატორი |
| საკონტროლო ველი |
GE_BSU |
| 005 - ბოლო ოპერაციის თარიღი და დრო |
| საკონტროლო ველი |
20190420191657.0 |
| 008 - ფიქსირებული სიგრძის მონაცემთა ელემენტები - ზოგადი ინფორმაცია |
| ფიქსირებული სიგრძის საკონტროლო ველი |
181216s2011||||ge |||||||||||||| ||geo|| |
| 040 ## - კატალოგიზაციის წყარო |
| Transcribing agency |
GE_BSU |
| 041 ## - ენის კოდი |
| Language code of text/sound track or separate title |
geo |
| 080 ## - უნივერსალური ათობითი კლასიფიკაციის ინდექსი |
| Universal Decimal Classification number |
811.353.1+811.353.52.2 ლ-63 |
| 245 ## - ცნობა სათაურის შესახებ |
| Title |
ლინგვისტური ქართველოლოგიისა და აფხაზოლოგიის პრობლემები. ტ. 3 / |
| Statement of responsibility, etc |
რედ.: თეიმურაზ გვანცელაძე, მერაბ ნაჭყებია. |
| 264 ## - წარმოების, გამოცემის, დისტრიბუციის და სხვა ცნობები |
| გამოცემის, წარმოების, დისტრიბუციის... ადგილი |
თბილისი : |
| გამოცემის, წარმოების, დისტრიბუციის... სახელწოდება |
უნივერსალი, |
| გამოცემის, წარმოების, დისტრიბუციის... თარიღი |
2011 |
| 300 ## - ფიზიკური აღწერა |
| Extent |
353 გვ. |
| 500 ## - ზოგადი შენიშვნა |
| General note |
კრებული ეძღვნება აკად. ქეთევან ლომთათიძის დაბადების 100 წლისთავს |
| 653 ## - INDEX TERM--UNCONTROLLED |
| Uncontrolled term |
ლინგვისტიკა |
| 653 ## - INDEX TERM--UNCONTROLLED |
| Uncontrolled term |
ქართველოლოგია |
| 653 ## - INDEX TERM--UNCONTROLLED |
| Uncontrolled term |
აფხაზოლოგია |
| 700 ## - ADDED ENTRY--PERSONAL NAME |
| Personal name |
გვანცელაძე, თეიმურაზ |
| Relator term |
რედაქტორი |
| 9 (RLIN) |
291 |
| 700 ## - ADDED ENTRY--PERSONAL NAME |
| Personal name |
ნაჭყებია, მერაბ |
| Relator term |
რედაქტორი |
| 9 (RLIN) |
292 |
| 942 ## - ADDED ENTRY ELEMENTS (KOHA) |
| Koha item type |
წიგნი |
| Source of classification or shelving scheme |
|